| 000 | 00646nam a2200229 a 4500 | ||
|---|---|---|---|
| 001 | 000022767 | ||
| 005 | 20200930021803.0 | ||
| 008 | 101117s1988 sp a 000 f spa d | ||
| 020 | _a8401381339 | ||
| 040 |
_aDO-SdBNP _bspa _cBNPHU |
||
| 082 |
_a863.6 _bC392a |
||
| 100 | 1 |
_aCela, Camilo José, _d1916-2002 _93188 |
|
| 245 | 1 | 0 |
_aA la pata de palo / _cCamilo José Cela. |
| 260 |
_aBarcelona : _bPlaza & Janés, _c1988. |
||
| 300 |
_a190 p. : _bil. ; _c23 cm. |
||
| 490 | 1 | _aLiteraria | |
| 650 | 4 |
_aCuentos españoles _93194 |
|
| 650 | 4 |
_aLiteratura española _ySIGLO XX _93326 |
|
| 830 | 0 |
_aLiteraria _921679 |
|
| 910 | _aWM | ||
| 049 | _aBNGR | ||
| 999 |
_c22264 _d22264 |
||